|
|
|
|
| LEADER |
00000cam a2200000 a 4500 |
| 001 |
1/124957 |
| 008 |
220531s2013####gr ao ||| |||| ||gre|| |
| 020 |
|
|
|a 9789606878596
|
| 040 |
|
|
|a GR-MyUa
|b gre
|c GR-MyUa
|e AACR2
|
| 041 |
0 |
|
|a eng
|
| 082 |
7 |
|
|a 708
|2 (23)
|
| 245 |
0 |
4 |
|a The Aegean world :
|b a guide to the Cycladic, Minoan and Mycenaean antiquities in the Ashmolean Museum /
|c edited by Yannis Galanakis.
|
| 260 |
|
|
|a Αθήνα :
|b Καπόν,
|c c2013.
|
| 300 |
|
|
|a 175 σ. :
|b εικ., φωτ. ;
|c c2013.
|
| 504 |
|
|
|a Περιλαμβάνει βιβλιογραφικές παραπομπές και ευρετήριο.
|
| 610 |
1 |
0 |
|a Ashmolean Museum.
|
| 650 |
|
0 |
|a Art, Cycladic
|x Catalogs.
|
| 650 |
|
0 |
|a Art, Minoan
|x Catalogs.
|
| 650 |
|
0 |
|a Art, Mycenaean
|x Catalogs.
|
| 651 |
|
0 |
|a Greece
|x Antiquities
|x Catalogs.
|
| 700 |
1 |
|
|a Galanakis, Ioannis,
|d 1979-
|e edt
|
| 852 |
|
|
|a INST
|b LESVOS
|c EUDOXUS
|e 20220531
|h 708 AEG
|p 005100063492
|q 005100063492
|t EDX
|y 0
|
| 920 |
|
|
|a Εύδοξος
|b Παραγγελία
|y Λέσβος-ΤΠΤΕ
|z 2022-05
|
| 970 |
|
|
|a Καμάτσου
|b Δέσποινα
|z 31-05-2022
|